[Event "ch-NED Women"]
[Site "Boxtel NED"]
[Date "2011.06.26"]
[Round "1"]
[White "Volkers, A."]
[Black "Peng Zhaoqin"]
[Result "0-1"]
[WhiteElo "2046"]
[BlackElo "2375"]
[PlyCount "64"]
[EventDate "2011.06.25"]

1. c4 e5 2. Nc3 Nc6 3. g3 g6 4. Bg2 Bg7 5. e4 d6 6. Nge2 h5 7. h3 Be6 8. d3 Qd7
9. Be3 Nd4 10. f4 c6 11. Bf2 Ne7 12. Nxd4 exd4 13. Ne2 c5 14. Ng1 Rb8 15. Nf3
b5 16. b3 Bh6 17. Qe2 bxc4 18. bxc4 a5 19. Kf1 a4 20. Kg1 a3 21. Kh2 Rb2 22.
Nd2 h4 23. Rhb1 hxg3+ 24. Bxg3 Bxh3 25. Kg1 Bg4 26. Qf2 Qa4 27. Rxb2 axb2 28.
Rb1 Qc2 29. Bf1 Nc6 30. a3 Ne5 31. Be2 Qxd2 32. fxe5 Be3 0-1

[Event "ch-NED Women"]
[Site "Boxtel NED"]
[Date "2011.06.26"]
[Round "1"]
[White "Haast, A."]
[Black "Van Weersel, A."]
[Result "1-0"]
[WhiteElo "2221"]
[BlackElo "2246"]
[PlyCount "79"]
[EventDate "2011.06.25"]

1. d4 Nf6 2. Nf3 g6 3. Nc3 d5 4. Bf4 Bg7 5. Qd2 Ne4 6. Nxe4 dxe4 7. Ne5 c5 8.
e3 O-O 9. O-O-O Nc6 10. Nxc6 bxc6 11. dxc5 Qe8 12. Be2 a5 13. Bc7 Be6 14. a3 a4
15. h3 Qc8 16. Bb6 Qb8 17. Qb4 Qe5 18. Rd2 Qg5 19. g3 Qf6 20. Bf1 Qe5 21. Bg2
f5 22. Rhd1 g5 23. Rd4 Qf6 24. Bf1 Qf7 25. R4d2 Bd5 26. Rxd5 cxd5 27. Rxd5 e6
28. Rd1 Rfe8 29. Bb5 Re7 30. Bxa4 Qf6 31. Bd8 Rxa4 32. Bxe7 Qe5 33. Qxa4 Qxb2+
34. Kd2 Kf7 35. Bd6 f4 36. gxf4 gxf4 37. Bxf4 Qc3+ 38. Ke2 Qxc5 39. Qd7+ Kf6
40. Qd8+ 1-0

[Event "ch-NED Women"]
[Site "Boxtel NED"]
[Date "2011.06.26"]
[Round "1"]
[White "Hortensius, L."]
[Black "Middelveld, M."]
[Result "1/2-1/2"]
[WhiteElo "2111"]
[BlackElo "2120"]
[PlyCount "80"]
[EventDate "2011.06.25"]

1. e4 e6 2. d4 d5 3. Nc3 Bb4 4. e5 c5 5. a3 Bxc3+ 6. bxc3 Qc7 7. Qg4 f5 8. Qg3
Nc6 9. Nf3 cxd4 10. cxd4 Nge7 11. Bd2 O-O 12. Bd3 Bd7 13. O-O Be8 14. Qh4 Qd7
15. a4 Bg6 16. Ng5 h6 17. Nh3 f4 18. Bb5 Bxc2 19. Bb4 Ng6 20. Qh5 Rfc8 21. Rac1
Bf5 22. a5 a6 23. Ba4 Qf7 24. Bxc6 Rxc6 25. Rxc6 bxc6 26. Bc5 Nxe5 27. Qxf7+
Nxf7 28. Nxf4 e5 29. dxe5 Nxe5 30. f3 Re8 31. g4 Bc2 32. Ng2 Bd3 33. Rf2 Bb5
34. Nf4 Kf7 35. Bd4 Nd3 36. Nxd3 Bxd3 37. Rd2 Bb5 38. Kf2 Bc4 39. Bc5 Re6 40.
Rb2 Bb5 1/2-1/2

[Event "ch-NED Women"]
[Site "Boxtel NED"]
[Date "2011.06.27"]
[Round "2"]
[White "Van Weersel, A."]
[Black "Volkers, A."]
[Result "1/2-1/2"]
[WhiteElo "2246"]
[BlackElo "2046"]
[PlyCount "150"]
[EventDate "2011.06.25"]

1. e4 c5 2. Nf3 e6 3. d4 cxd4 4. Nxd4 Nc6 5. Be3 Qc7 6. Bd3 a6 7. O-O Nf6 8.
Nxc6 dxc6 9. f4 c5 10. c4 b6 11. Nc3 Bb7 12. e5 Nd7 13. Be4 g5 14. Qf3 O-O-O
15. Rad1 Be7 16. Rd2 Kb8 17. Rfd1 Bxe4 18. Qxe4 h6 19. Rd3 Kc8 20. Qa8+ Nb8 21.
Na4 Rxd3 22. Rxd3 gxf4 23. Bxf4 b5 24. cxb5 axb5 25. Nc3 c4 26. Rd1 Qc5+ 27.
Kf1 b4 28. Ne4 Qb5 29. Nd6+ Bxd6 30. exd6 c3+ 31. Kg1 Qb6+ 32. Kh1 Kd7 33. bxc3
bxc3 34. Be5 Rc8 35. Qf3 f5 36. Bxc3 Qc6 37. Qxc6+ Rxc6 38. Be5 Ra6 39. Rd2 Nc6
40. Bg7 h5 41. Kg1 Nb4 42. Rb2 Nxa2 43. Be5 Ra7 44. Kf2 Kc6 45. Ke3 Ra3+ 46.
Kd2 Ra7 47. Kc2 Ra5 48. Bg3 Rc5+ 49. Kd3 Nc1+ 50. Kd2 e5 51. Bxe5 Rxe5 52. Rc2+
Kxd6 53. Rxc1 Ra5 54. Rc2 Ke5 55. Ke2 Ra4 56. Rc3 Ra5 57. Kf3 Ra4 58. Kg3 Kf6
59. Rc8 h4+ 60. Kh3 Kg5 61. Rg8+ Kh5 62. g3 hxg3 63. hxg3 Ra3 64. Kg2 Rb3 65.
Kf2 Ra3 66. Rh8+ Kg4 67. Rh4+ Kg5 68. Rf4 Rb3 69. Rf3 Rxf3+ 70. Kxf3 Kg6 71.
Ke3 Kg5 72. Kf3 Kg6 73. Kf4 Kf6 74. g4 fxg4 75. Kxg4 Ke5 1/2-1/2

[Event "ch-NED Women"]
[Site "Boxtel NED"]
[Date "2011.06.27"]
[Round "2"]
[White "Middelveld, M."]
[Black "Peng Zhaoqin"]
[Result "0-1"]
[WhiteElo "2120"]
[BlackElo "2375"]
[PlyCount "74"]
[EventDate "2011.06.25"]

1. d4 Nf6 2. c4 c5 3. d5 e5 4. Nc3 d6 5. g3 g6 6. Bg2 Bg7 7. e4 a6 8. a4 Nbd7
9. Nge2 Rb8 10. O-O h5 11. f4 Qb6 12. Qc2 h4 13. f5 gxf5 14. exf5 Qd8 15. h3
hxg3 16. Nxg3 Bh6 17. Bxh6 Rxh6 18. Qd2 Rh8 19. b3 Ke7 20. Nge4 Qg8 21. Rf3 Qh7
22. Rg3 Qh6 23. Qxh6 Rxh6 24. Nxf6 Nxf6 25. Ne4 Bxf5 26. Nxf6 Rxf6 27. Rf1 Bg6
28. Rxf6 Kxf6 29. Bf3 b5 30. axb5 axb5 31. Be2 b4 32. h4 Rh8 33. h5 Bxh5 34.
Rh3 Rg8+ 35. Kf2 Bxe2 36. Kxe2 Rg2+ 37. Ke3 Kg5 0-1

[Event "ch-NED Women"]
[Site "Boxtel NED"]
[Date "2011.06.28"]
[Round "3"]
[White "Haast, A."]
[Black "Middelveld, M."]
[Result "1-0"]
[WhiteElo "2221"]
[BlackElo "2120"]
[PlyCount "67"]
[EventDate "2011.06.25"]

1. e4 e6 2. d3 d5 3. Nd2 g6 4. Ngf3 Bg7 5. g3 Ne7 6. Bg2 c5 7. O-O Nbc6 8. exd5
exd5 9. d4 cxd4 10. Nb3 O-O 11. Nfxd4 Nxd4 12. Nxd4 Nc6 13. Be3 Re8 14. c3 Be6
15. Re1 Qd7 16. Nb3 b6 17. a4 Ne5 18. Bd4 Bg4 19. Qd2 Nc4 20. Qf4 Nxb2 21. Bxg7
Kxg7 22. Qd4+ Kg8 23. Bxd5 Rxe1+ 24. Rxe1 Rd8 25. Nd2 Bf5 26. Nf3 Nd3 27. Re3
Re8 28. Ng5 Rxe3 29. fxe3 Be6 30. Bxe6 Qxd4 31. Bxf7+ Kg7 32. exd4 h6 33. Bc4
Nb2 34. Ne6+ 1-0

[Event "ch-NED Women"]
[Site "Boxtel NED"]
[Date "2011.06.29"]
[Round "4"]
[White "Volkers, A."]
[Black "Middelveld, M."]
[Result "1/2-1/2"]
[WhiteElo "2046"]
[BlackElo "2120"]
[PlyCount "118"]
[EventDate "2011.06.25"]

1. e4 e6 2. d4 d5 3. Nd2 Nf6 4. e5 Nfd7 5. Bd3 c5 6. c3 Nc6 7. Ngf3 g6 8. O-O
Bg7 9. Qe2 O-O 10. Re1 cxd4 11. cxd4 f6 12. exf6 Qxf6 13. Bb5 Nb6 14. Bxc6 bxc6
15. Ne5 Ba6 16. Qe3 Bh6 17. Ng4 Bxe3 18. Nxf6+ Rxf6 19. Rxe3 Nd7 20. Nb3 Re8
21. Bd2 e5 22. Bc3 e4 23. Bb4 Rb8 24. Be7 Re6 25. Bh4 Bc4 26. Bg3 Rb4 27. Rd1
Bxb3 28. axb3 c5 29. dxc5 d4 30. c6 Rxc6 31. Rxe4 Nf6 32. Re2 d3 33. Red2 Rxb3
34. f3 Rc2 35. Rxd3 Rxd3 36. Rxd3 Rxb2 37. Be5 Rb6 38. Rd8+ Kf7 39. Bd4 Ra6 40.
Ra8 Ra4 41. Rxa7+ Rxa7 42. Bxa7 Nd5 43. Kf2 h5 44. g3 Ke6 45. Ke2 Kf5 46. Bb8
Nb4 47. Bd6 Nd5 48. Kd3 Ke6 49. Bc5 Kf5 50. Kc4 Nf6 51. Bd4 Nh7 52. Be3 Nf6 53.
h3 Ne8 54. Bd4 Nd6+ 55. Kd5 Nf7 56. Be3 Ne5 57. f4 Nf3 58. Bf2 g5 59. fxg5 Nxg5
1/2-1/2

[Event "ch-NED Women"]
[Site "Boxtel NED"]
[Date "2011.06.29"]
[Round "4"]
[White "Peng Zhaoqin"]
[Black "Haast, A."]
[Result "1-0"]
[WhiteElo "2375"]
[BlackElo "2221"]
[PlyCount "55"]
[EventDate "2011.06.25"]

1. d4 Nf6 2. c4 c5 3. d5 b5 4. Qc2 e6 5. e4 bxc4 6. Bxc4 exd5 7. exd5 Bd6 8.
Nc3 O-O 9. Nge2 Ba6 10. b3 h6 11. h3 Re8 12. O-O Be5 13. Bd2 d6 14. Rae1 Nfd7
15. Ne4 Nb6 16. f4 Bf6 17. Nxf6+ Qxf6 18. Ng3 Rxe1 19. Rxe1 Qd8 20. Nf5 Nxc4
21. bxc4 Nd7 22. Bc3 Nf6 23. Ne7+ Kh8 24. Bxf6 gxf6 25. Qf5 Kg7 26. Re3 Qh8 27.
Rg3+ Kf8 28. Qd7 1-0

[Event "ch-NED Women"]
[Site "Boxtel NED"]
[Date "2011.06.29"]
[Round "4"]
[White "Van Weersel, A."]
[Black "Hortensius, L."]
[Result "1-0"]
[WhiteElo "2246"]
[BlackElo "2111"]
[PlyCount "141"]
[EventDate "2011.06.25"]

1. e4 e6 2. d4 d5 3. Nc3 Bb4 4. e5 b6 5. a3 Bf8 6. Nf3 Ne7 7. Bb5+ c6 8. Ba4 a5
9. O-O Ba6 10. Re1 b5 11. Bb3 Nd7 12. Ne2 c5 13. c3 c4 14. Bc2 Nc6 15. Nf4 Nb6
16. Nh5 Qc7 17. Ng5 g6 18. Nf6+ Kd8 19. Nfxh7 Kc8 20. Qf3 Kb7 21. Nxf8 Rhxf8
22. Bd2 b4 23. axb4 axb4 24. Qf4 b3 25. Bd1 Qe7 26. h4 Bb5 27. Rxa8 Kxa8 28. h5
gxh5 29. Bxh5 Nd8 30. Nh7 Rh8 31. Nf6 Nd7 32. Ra1+ Kb7 33. Qg5 Nxf6 34. exf6
Qf8 35. Bf4 Nc6 36. Qg7 Nd8 37. Qxf8 Rxf8 38. Bd6 Rh8 39. g4 Be8 40. Kg2 Nc6
41. f4 Rh6 42. Be5 Rh8 43. Kg3 Na7 44. Bd6 Nb5 45. Bc5 Kb8 46. Re1 Nc7 47. Bd6
Kb7 48. Re5 Kc6 49. Bxc7 Kxc7 50. f5 exf5 51. Rxf5 Kd6 52. Re5 Rf8 53. Re7 Kc6
54. Kf4 Kd6 55. Ra7 Rh8 56. Ra8 Rf8 57. Rd8+ Kc6 58. Ke5 Rg8 59. Rc8+ Kd7 60.
Rc5 Rg5+ 61. Kf4 Rg8 62. Rxd5+ Ke6 63. Rc5 Kxf6 64. Rxc4 Bd7 65. Rb4 Be6 66. c4
Rc8 67. d5 Bd7 68. g5+ Ke7 69. Ke5 Rc5 70. Kd4 Rc8 71. Rxb3 1-0

[Event "ch-NED Women"]
[Site "Boxtel NED"]
[Date "2011.06.30"]
[Round "5"]
[White "Hortensius, L."]
[Black "Peng Zhaoqin"]
[Result "0-1"]
[WhiteElo "2111"]
[BlackElo "2375"]
[PlyCount "106"]
[EventDate "2011.06.25"]

1. e4 g6 2. d4 Bg7 3. Nc3 c6 4. f4 d5 5. e5 Nh6 6. Nf3 f6 7. Bd3 Bg4 8. O-O O-O
9. Ne2 Nd7 10. Qe1 e6 11. Qg3 Qb6 12. Kh1 c5 13. c3 cxd4 14. cxd4 Bf5 15. Bxf5
Nxf5 16. Qe1 Rac8 17. g4 Ne7 18. b3 Qa6 19. Qd1 Nc6 20. a4 Rfe8 21. Ba3 Bf8 22.
Bxf8 Rxf8 23. Qd2 Qa5 24. Qxa5 Nxa5 25. b4 Nc4 26. h3 fxe5 27. Nxe5 Ndxe5 28.
fxe5 Ne3 29. Rfc1 Nc2 30. Rab1 Rf2 31. Ng1 Rc4 32. Rb2 g5 33. a5 Kg7 34. b5 Kg6
35. Ra2 h5 36. Rb2 Rc3 37. b6 a6 38. Ra2 Rc8 39. gxh5+ Kxh5 40. Rb2 g4 41. Rb3
Rg8 42. Rb2 Rc8 43. Rb3 Rc4 44. Rd3 Nb4 45. Rxc4 dxc4 46. Rg3 Nd5 47. hxg4+ Kh4
48. Rg2 Rxg2 49. Kxg2 Kxg4 50. Ne2 Nf4+ 51. Kf2 Nxe2 52. Kxe2 Kf4 53. Kd2 Ke4
0-1

[Event "ch-NED Women"]
[Site "Boxtel NED"]
[Date "2011.06.30"]
[Round "5"]
[White "Middelveld, M."]
[Black "Van Weersel, A."]
[Result "1-0"]
[WhiteElo "2120"]
[BlackElo "2246"]
[PlyCount "203"]
[EventDate "2011.06.25"]

1. d4 Nf6 2. c4 g6 3. f3 Nc6 4. e4 e5 5. dxe5 Nxe5 6. Nh3 Bc5 7. Nc3 O-O 8. Bg5
Be7 9. Bh6 Re8 10. Be2 Bb4 11. O-O d6 12. Nf2 c6 13. Bg5 Kg7 14. Qd2 Qc7 15.
Bxf6+ Kxf6 16. Qh6 Ke7 17. f4 Nd7 18. Ng4 Qb6+ 19. Kh1 Kd8 20. Rad1 Bxc3 21.
bxc3 Rxe4 22. Bf3 Re6 23. Qxh7 f5 24. Nh6 Kc7 25. Qf7 Qe3 26. g3 Rf6 27. Qg7
Qe8 28. Rfe1 Qf8 29. Qh7 Qd8 30. Re7 Kb6 31. Rb1+ Ka6 32. Ng8 Rf8 33. Qxg6 Rxg8
34. Qxd6 Rg6 35. Qb4 Qa5 36. Qb2 Nc5 37. Re5 b6 38. Qg2 Bd7 39. Rd1 Rd8 40. h4
Qa4 41. h5 Rf6 42. Kh2 Ne4 43. c5 Nxc3 44. Rd3 Nd5 45. Rexd5 cxd5 46. Qb2 Rc6
47. Ra3 Rxc5 48. Rxa4+ Bxa4 49. Be2+ Kb7 50. Qg7+ Rd7 51. Qd4 Rc2 52. Qxa4
Rxe2+ 53. Kh3 Rh7 54. g4 fxg4+ 55. Kxg4 Rg2+ 56. Kf3 Rh2 57. Qb4 R2xh5 58. Qd6
Rf7 59. Ke3 Rhf5 60. Kd3 a5 61. Ke3 Ka7 62. Kd3 Rxf4 63. Qxd5 Rc7 64. Ke3 Rff7
65. Qb3 Rh7 66. Ke4 Rc5 67. Qe6 Rhc7 68. Kd4 Rc2 69. Qb3 Rf2 70. Ke5 Rcc2 71.
Qa4 Rfe2+ 72. Kf5 Red2 73. Qb3 Rxa2 74. Qf7+ Ka6 75. Qc4+ Kb7 76. Qf7+ Kc6 77.
Qc4+ Kd6 78. Qe6+ Kc5 79. Qe3+ Kc4 80. Qxb6 a4 81. Qc6+ Kb3 82. Qb5+ Ka3 83.
Qc5+ Kb2 84. Qb4+ Kc1 85. Qc4+ Rdc2 86. Qf1+ Kd2 87. Qf4+ Ke1 88. Qe3+ Kf1 89.
Qh3+ Rg2 90. Qh1+ Kf2 91. Qh4+ Ke2 92. Qe4+ Kf1 93. Qb1+ Kf2 94. Qxa2+ Kg3 95.
Qa3+ Kf2 96. Qxa4 Rg3 97. Qc2+ Kf3 98. Qd3+ Kf2 99. Qd2+ Kf3 100. Qd1+ Ke3 101.
Qe1+ Kf3 102. Qf1+ 1-0

[Event "ch-NED Women"]
[Site "Boxtel NED"]
[Date "2011.06.30"]
[Round "5"]
[White "Haast, A."]
[Black "Volkers, A."]
[Result "1-0"]
[WhiteElo "2221"]
[BlackElo "2046"]
[PlyCount "129"]
[EventDate "2011.06.25"]

1. e4 c5 2. Nf3 Nc6 3. d4 cxd4 4. Nxd4 Nf6 5. Nc3 e5 6. Ndb5 d6 7. Bg5 a6 8.
Na3 b5 9. Nd5 Be7 10. Bxf6 Bxf6 11. c3 Ne7 12. Nxf6+ gxf6 13. Bd3 d5 14. Qe2 d4
15. cxd4 Qxd4 16. O-O-O Qb6 17. Kb1 Be6 18. f4 exf4 19. Rhf1 Ng6 20. Nc2 Rd8
21. Nb4 O-O 22. h4 Rfe8 23. h5 Ne5 24. Rxf4 Nxd3 25. Nxd3 Kh8 26. b3 Bc8 27.
Qb2 Re6 28. Rc1 Bb7 29. Nc5 Re5 30. Nxb7 Qxb7 31. Ka1 Qb6 32. a3 Qd4 33. Qxd4
Rxd4 34. h6 Rd8 35. Rxf6 Rxe4 36. Rc2 Re6 37. Rxe6 fxe6 38. Rc6 a5 39. Rxe6 Kg8
40. Re5 Rb8 41. Rg5+ Kf7 42. Rg7+ Kf6 43. Rxh7 Kg6 44. Ra7 Kxh6 45. Rxa5 Kg6
46. Kb2 b4 47. g4 bxa3+ 48. Kxa3 Kf6 49. g5+ Ke6 50. Ra6+ Kd5 51. g6 Rb7 52. b4
Kc4 53. Rc6+ Kd5 54. Rf6 Ra7+ 55. Kb3 Rg7 56. Rf5+ Kc6 57. b5+ Kb6 58. Rg5 Kc7
59. Ka4 Kb7 60. Ka5 Ka7 61. b6+ Kb7 62. Kb5 Kb8 63. Kc6 Kc8 64. b7+ Kb8 65. Kd6
1-0

[Event "ch-NED Women"]
[Site "Boxtel NED"]
[Date "2011.07.01"]
[Round "6"]
[White "Middelveld, M."]
[Black "Hortensius, L."]
[Result "1/2-1/2"]
[WhiteElo "2120"]
[BlackElo "2111"]
[PlyCount "55"]
[EventDate "2011.06.25"]

1. d4 Nf6 2. Nf3 g6 3. g3 Bg7 4. Bg2 O-O 5. O-O d6 6. c4 Nc6 7. d5 Na5 8. Nfd2
c5 9. Nc3 a6 10. h3 Rb8 11. a4 Nd7 12. Qc2 e6 13. e4 Ne5 14. b3 exd5 15. cxd5
b5 16. axb5 axb5 17. Bb2 Ba6 18. b4 cxb4 19. Ne2 Rc8 20. Qb1 Bb7 21. f4 Nec4
22. Bxg7 Nxd2 23. Qxb4 Kxg7 24. Qxd2 Nc4 25. Qd4+ Qf6 26. Qxf6+ Kxf6 27. Rfb1
Ra8 28. Nd4 1/2-1/2

[Event "ch-NED Women"]
[Site "Boxtel NED"]
[Date "2011.07.02"]
[Round "7"]
[White "Volkers, A."]
[Black "Van Weersel, A."]
[Result "1-0"]
[WhiteElo "2046"]
[BlackElo "2246"]
[PlyCount "145"]
[EventDate "2011.06.25"]

1. e4 e5 2. Nc3 Nc6 3. g3 h5 4. h3 d6 5. Bg2 Be6 6. d3 Nge7 7. Nge2 Qd7 8. Nd5
f5 9. Bg5 Nd8 10. Qd2 Nxd5 11. exd5 Bg8 12. c4 Nf7 13. Be3 Be7 14. f4 Bf6 15.
Qb4 Bh7 16. O-O-O c5 17. dxc6 bxc6 18. Qa4 Nd8 19. fxe5 dxe5 20. d4 e4 21. d5
O-O 22. Nd4 Rc8 23. Rhf1 Qb7 24. dxc6 Nxc6 25. b3 Ne5 26. Rf2 Qf7 27. Bf1 g6
28. Kb1 Rfd8 29. Rfd2 g5 30. Qa6 Re8 31. Kc1 h4 32. Rg2 Kh8 33. gxh4 gxh4 34.
Nb5 Rc6 35. Qxa7 Qxa7 36. Nxa7 Ra6 37. Nb5 Rc6 38. Rf2 Nf3 39. Be2 Ra8 40. Bxf3
exf3 41. Bd4 f4 42. a4 Rg8 43. Rxf3 Rg2 44. Rd2 Bxd4 45. Nxd4 Rg1+ 46. Kb2 Rb1+
47. Kc3 Rg6 48. Nf5 Rg8 49. Nxh4 Rb8 50. Rb2 Rd1 51. c5 Rc1+ 52. Kd2 Rxc5 53.
Rxf4 Rd8+ 54. Ke2 Rc3 55. Rf3 Rc1 56. b4 Rh1 57. Ng2 Rg8 58. Kf2 Be4 59. Rg3
Rf8+ 60. Ke3 Bxg2 61. Rbxg2 Ra1 62. a5 Rb1 63. Rg4 Rb3+ 64. Kd2 Rxh3 65. R2g3
Rh6 66. Kc3 Rc8+ 67. Kb3 Rh1 68. Ka4 Rb8 69. a6 Ra1+ 70. Ra3 Rxa3+ 71. Kxa3 Rb6
72. b5 Rxb5 73. a7 1-0

[Event "ch-NED Women"]
[Site "Boxtel NED"]
[Date "2011.07.02"]
[Round "7"]
[White "Haast, A."]
[Black "Hortensius, L."]
[Result "0-1"]
[WhiteElo "2221"]
[BlackElo "2111"]
[PlyCount "86"]
[EventDate "2011.06.25"]

1. d4 d5 2. Nf3 Nf6 3. e3 e6 4. Bd3 Be7 5. O-O O-O 6. b3 Nbd7 7. Bb2 c5 8. Ne5
Qc7 9. Nd2 b6 10. f4 Bb7 11. f5 exf5 12. Bxf5 g6 13. Bh3 Rad8 14. Ndf3 Bc8 15.
Nxd7 Bxd7 16. Bxd7 Qxd7 17. Ne5 Qe6 18. c4 Bd6 19. Rxf6 Qxf6 20. cxd5 Bxe5 21.
dxe5 Qf5 22. Qd2 f6 23. Rf1 Qe4 24. exf6 Qxd5 25. Qxd5+ Rxd5 26. e4 Rd2 27. Bc3
Rd3 28. Ba1 Kf7 29. e5 Rfd8 30. Re1 Ke6 31. Kf2 Rd1 32. Bc3 R8d3 33. Ke2 Rxe1+
34. Bxe1 Rd7 35. Bc3 b5 36. a4 bxa4 37. bxa4 c4 38. Ba1 Rd3 39. Bb2 a6 40. a5
Rb3 41. Bd4 Ra3 42. h4 Rxa5 43. Kf3 c3 0-1

[Event "ch-NED Women"]
[Site "Boxtel NED"]
[Date "2011.07.03"]
[Round "8"]
[White "Middelveld, M."]
[Black "Haast, A."]
[Result "1/2-1/2"]
[WhiteElo "2120"]
[BlackElo "2221"]
[PlyCount "40"]
[EventDate "2011.06.25"]

1. d4 d5 2. Nf3 Nf6 3. c4 dxc4 4. e3 e6 5. Bxc4 c5 6. O-O a6 7. a4 Nc6 8. Qe2
cxd4 9. Rd1 Be7 10. exd4 O-O 11. Nc3 Nb4 12. Bg5 Nfd5 13. Bxe7 Nxe7 14. Ne5
Nbd5 15. Ne4 b6 16. Ra3 Bb7 17. Ba2 Ng6 18. Nxg6 hxg6 19. f3 Rc8 20. Bxd5 Qxd5
1/2-1/2

[Event "ch-NED Women"]
[Site "Boxtel NED"]
[Date "2011.07.03"]
[Round "8"]
[White "Hortensius, L."]
[Black "Volkers, A."]
[Result "1-0"]
[WhiteElo "2111"]
[BlackElo "2046"]
[PlyCount "111"]
[EventDate "2011.06.25"]

1. e4 c5 2. Nf3 Nc6 3. d4 cxd4 4. Nxd4 Nf6 5. Nc3 e5 6. Ndb5 d6 7. Bg5 a6 8.
Na3 Be6 9. Qd2 b5 10. Bxf6 gxf6 11. Nd5 Bg7 12. c3 Ne7 13. Nxe7 Qxe7 14. Bd3
Rd8 15. Qe3 d5 16. O-O O-O 17. exd5 Bxd5 18. Nc2 Qe6 19. a4 Bc6 20. Nb4 e4 21.
Nxc6 Rxd3 22. Qc5 Kh8 23. Nd4 Qe5 24. Qxe5 fxe5 25. Nf5 Rd2 26. axb5 axb5 27.
b3 Rd3 28. Rfc1 Bf6 29. h4 h5 30. Ra6 Bg7 31. Rb6 Rc8 32. Rxb5 Rdxc3 33. Rxc3
Rxc3 34. b4 Kh7 35. Nxg7 Kxg7 36. Rxe5 Rc4 37. b5 Kg6 38. Rg5+ Kh6 39. Rd5 Rb4
40. Kh2 e3 41. fxe3 Rxh4+ 42. Kg3 Rb4 43. Kf3 f6 44. g3 Kg6 45. Ke2 f5 46. Kd3
Kg5 47. Kc3 Re4 48. b6 Rxe3+ 49. Kc4 Re8 50. Rd4 Kf6 51. Kc5 Ke5 52. Rb4 Rc8+
53. Kb5 Rg8 54. b7 Kd6 55. Kb6 f4 56. Rxf4 1-0

[Event "ch-NED Women"]
[Site "Boxtel NED"]
[Date "2011.07.04"]
[Round "9"]
[White "Van Weersel, A."]
[Black "Middelveld, M."]
[Result "1/2-1/2"]
[WhiteElo "2246"]
[BlackElo "2120"]
[PlyCount "99"]
[EventDate "2011.06.25"]

1. e4 e6 2. d4 d5 3. Nc3 Bb4 4. e5 Ne7 5. Bd2 b6 6. a3 Bxc3 7. Bxc3 Ba6 8. Bxa6
Nxa6 9. Qe2 Nb8 10. f4 Qd7 11. Nf3 h5 12. O-O Nf5 13. a4 a5 14. g3 Nc6 15. b3
Nb4 16. Bb2 c5 17. c3 Na6 18. Rfd1 cxd4 19. Nxd4 Nxd4 20. Rxd4 Nc5 21. Qc2 Qb7
22. Rf1 g6 23. Ba3 Rc8 24. c4 dxc4 25. Rxc4 O-O 26. Rc1 Rfd8 27. b4 axb4 28.
Bxb4 Ra8 29. Bxc5 bxc5 30. Rxc5 Qa7 31. a5 Rd5 32. Qf2 Qd7 33. Rxd5 Qxd5 34.
Rc5 Qd1+ 35. Kg2 Rd8 36. Rc2 Qd5+ 37. Qf3 Qxa5 38. Rf2 Qd5 39. Qxd5 Rxd5 40.
Kh3 Kg7 41. Ra2 Rd7 42. Kh4 Rb7 43. Kg5 Rc7 44. Ra3 Rc2 45. h3 Rc7 46. g4 hxg4
47. hxg4 Rc1 48. Kh4 Rf1 49. Kg3 Rg1+ 50. Kf3 1/2-1/2

[Event "ch-NED Women"]
[Site "Boxtel NED"]
[Date "2011.07.04"]
[Round "9"]
[White "Peng Zhaoqin"]
[Black "Hortensius, L."]
[Result "1-0"]
[WhiteElo "2375"]
[BlackElo "2111"]
[PlyCount "97"]
[EventDate "2011.06.25"]

1. d4 d5 2. c4 e6 3. Nf3 Nf6 4. Nc3 Be7 5. Bg5 O-O 6. e3 h6 7. Bh4 b6 8. Bd3
Bb7 9. O-O Nbd7 10. Rc1 c5 11. cxd5 Nxd5 12. Bxe7 Qxe7 13. Nxd5 Bxd5 14. e4 Bb7
15. b4 Rac8 16. Qa4 c4 17. Qxa7 cxd3 18. Qxb7 Rb8 19. Qc7 Rfc8 20. Qa7 Ra8 21.
Rxc8+ Rxc8 22. Qa3 Rc4 23. Qxd3 Qxb4 24. h3 Rc3 25. Rb1 Rxd3 26. Rxb4 Ra3 27.
Rb2 Rc3 28. e5 Kf8 29. Kf1 Ke7 30. Ke2 Rc6 31. Kd2 Nb8 32. Kd3 Na6 33. Nd2 Nc7
34. Nc4 Nd5 35. g3 Kd7 36. Rb3 Ke7 37. h4 h5 38. a4 g6 39. Rb5 Kf8 40. Rb1 Kg7
41. Rb3 Kf8 42. Ne3 Ke7 43. Nxd5+ exd5 44. Rc3 Re6 45. Rc7+ Ke8 46. Kc3 Kf8 47.
Kb4 Re8 48. Rc6 Rb8 49. Kb5 1-0

[Event "ch-NED Women"]
[Site "Boxtel NED"]
[Date "2011.07.05"]
[Round "10"]
[White "Middelveld, M."]
[Black "Volkers, A."]
[Result "1-0"]
[WhiteElo "2120"]
[BlackElo "2046"]
[PlyCount "71"]
[EventDate "2011.06.25"]

1. d4 f5 2. c4 g6 3. h4 Nf6 4. h5 Bg7 5. h6 Bf8 6. Nc3 d6 7. Nf3 Nc6 8. d5 Ne5
9. Nxe5 dxe5 10. b4 e6 11. Qb3 a5 12. b5 a4 13. Qb2 Bc5 14. Bd2 Qd6 15. Bg5 O-O
16. Rd1 Ba3 17. Qb1 Qb4 18. Qxb4 Bxb4 19. Bd2 exd5 20. Nxd5 Nxd5 21. cxd5 Bxd2+
22. Rxd2 Rd8 23. e3 Kf7 24. Rh4 Bd7 25. Rb4 Ke7 26. Rc2 Kd6 27. Bc4 Be8 28. f3
Rdc8 29. e4 f4 30. a3 Ra5 31. Rd2 Kc5 32. d6 cxd6 33. Rd5+ Kb6 34. Rxd6+ Ka7
35. Be6 Rc7 36. b6+ 1-0

[Event "ch-NED Women"]
[Site "Boxtel NED"]
[Date "2011.07.05"]
[Round "10"]
[White "Hortensius, L."]
[Black "Van Weersel, A."]
[Result "1/2-1/2"]
[WhiteElo "2111"]
[BlackElo "2246"]
[PlyCount "192"]
[EventDate "2011.06.25"]

1. e4 e5 2. Nf3 Nc6 3. Bb5 a6 4. Ba4 Nf6 5. O-O Be7 6. Re1 b5 7. Bb3 O-O 8. c3
d5 9. exd5 Nxd5 10. Nxe5 Nxe5 11. Rxe5 c6 12. d4 Bd6 13. Re1 Qh4 14. g3 Qh3 15.
Re4 g5 16. Qf1 Qxf1+ 17. Kxf1 Bh3+ 18. Kg1 Rae8 19. f3 Bf5 20. Bc2 Bxe4 21.
fxe4 f5 22. Nd2 fxe4 23. Nxe4 Be7 24. Bd3 h6 25. Bd2 Kg7 26. a4 Nf6 27. Nf2 Ra8
28. Bf1 Rfd8 29. Bg2 Nd5 30. Nd3 Bf6 31. Nc5 Re8 32. Bf3 b4 33. Bh5 Re7 34. a5
Nc7 35. Bf3 Rb8 36. Kf1 bxc3 37. bxc3 Rb2 38. Rd1 Nd5 39. Bxd5 cxd5 40. Nxa6
Ra7 41. Nb4 Rxa5 42. Ke2 Rb5 43. Kd3 Rb3 44. Kc2 Ra3 45. Rf1 Be7 46. Nc6 Bd6
47. Ne5 Rb7 48. Rf5 Bxe5 49. Rxe5 Rd7 50. h4 gxh4 51. gxh4 Ra6 52. h5 Rf6 53.
Be3 Kf7 54. Bd2 Rdd6 55. Kd3 Rf3+ 56. Kc2 Ra6 57. Be3 Re6 58. Rxe6 Kxe6 59.
Bxh6 Rh3 60. Bf8 Rxh5 61. Kb3 Rh3 62. Kb4 Rh8 63. Bc5 Rb8+ 64. Ka3 Kf5 65. Bb4
Ke4 66. Kb3 Kd3 67. Kb2 Rg8 68. Kb3 Rg2 69. Ba5 Rg1 70. Kb2 Kc4 71. Bb4 Rg2+
72. Kc1 Kd3 73. Ba5 Rc2+ 74. Kb1 Rg2 75. Bb4 Kc4 76. Kc1 Kb3 77. Ba5 Rc2+ 78.
Kd1 Ra2 79. Bb4 Ra8 80. Kc1 Kc4 81. Kc2 Ra2+ 82. Kb1 Kb3 83. Kc1 Rc2+ 84. Kd1
Rxc3 85. Bxc3 Kxc3 86. Kc1 Kxd4 87. Kd2 Kc4 88. Kc2 d4 89. Kd2 Kc5 90. Kd3 Kd5
91. Kd2 Ke4 92. Ke2 d3+ 93. Kd2 Kd4 94. Kd1 Kc3 95. Kc1 d2+ 96. Kd1 Kd3 1/2-1/2

[Event "ch-NED Women"]
[Site "Boxtel NED"]
[Date "2011.07.05"]
[Round "10"]
[White "Haast, A."]
[Black "Peng Zhaoqin"]
[Result "0-1"]
[WhiteElo "2221"]
[BlackElo "2375"]
[PlyCount "134"]
[EventDate "2011.06.25"]

1. e4 d6 2. d4 Nf6 3. Nc3 e5 4. dxe5 dxe5 5. Qxd8+ Kxd8 6. Bg5 Bd6 7. O-O-O
Nbd7 8. Bc4 Ke8 9. f3 a6 10. a4 h6 11. Bh4 Bc5 12. Nge2 c6 13. Kb1 b5 14. Bb3
Be7 15. Bf2 Nc5 16. Nc1 b4 17. N3e2 a5 18. Ng3 g6 19. Nf1 Ba6 20. Ne3 Nfd7 21.
Bc4 Nxa4 22. Nb3 Bc8 23. Ng4 f6 24. Be6 h5 25. Ne3 Nab6 26. Nd2 Bc5 27. Rhf1
Ba6 28. Nec4 Bxf2 29. Rxf2 Ke7 30. Bxd7 Bxc4 31. Nxc4 Nxc4 32. Bxc6 Rad8 33.
Bd5 Ne3 34. Rd3 Nxd5 35. exd5 Kd6 36. b3 h4 37. c4 bxc3 38. Rxc3 Rc8 39. Kb2
Rxc3 40. Kxc3 Rc8+ 41. Kd3 Rc5 42. Ra2 Rxd5+ 43. Ke2 Rb5 44. Ra4 g5 45. Kf2 f5
46. h3 Kc6 47. Ke2 Kb6 48. Ra3 Rd5 49. Ra1 Kb5 50. Ra4 Rd4 51. Ra2 Rb4 52. Ra3
g4 53. hxg4 fxg4 54. fxg4 Rxg4 55. Kf3 Rg3+ 56. Kf2 e4 57. Ra4 Rxb3 58. Rxe4
Rb4 59. Re5+ Ka4 60. Ke3 Rg4 61. Rh5 Kb4 62. Rh8 a4 63. Kd3 Kb3 64. Rb8+ Rb4
65. Rc8 a3 66. Rc3+ Kb2 67. Rc2+ Kb1 0-1